Three Characters in Search of Literature - Statistics

General Stats
  • This quiz has been taken 195 times
  • The average score is 6 of 10
Answer Stats
Characters Title % Correct
Mr. Darcy, Elizabeth Bennet, and Caroline Bingley? Pride and Prejudice
97%
Atticus Finch, Boo Radley, and Tom Robinson? To Kill a Mockingbird
95%
Napoleon, Boxer, and Old Major? Animal Farm
92%
Abel Magwitch, Miss Havisham, and Pip? Great Expectations
90%
Nick Carraway, Daisy Buchanan, and Jordan Baker? The Great Gatsby
82%
Phoebe Caulfield, Jane Gallagher, and Sally Hayes? The Catcher in the Rye
71%
Hrothgar, Grendel, and Wiglaf? Beowulf
68%
Charlie Gordon, Alice Kinnian, and Fay Lillman? Flowers for Algernon
10%
Chris MacNeil, Damien Karras, and William F. Kinderman? The Exorcist
10%
Diggory Venn, Eustacia Vye, and Clym Yeobright? Return of the Native
9%
No matching quizzes found
Score Distribution
Percent of People with Each Score
Percentile by Number Answered
Your Score History
You have not taken this quiz